Metodická úskalí hodnocení regionálné konkurenceschopnosti
Pojem konkurencieschopnosť. Regionálny rozvoj a konkurencieschopnosť. Regionálna konkurencieschopnosť. Determinanty konkurencieschopnosti. Indikátory a spôsoby merania konkurencieschopnosti.
Enregistré dans:
| Auteur principal: | |
|---|---|
| Autres auteurs: | , |
| Format: | Chapitre de livre |
| Langue: | tchèque |
| Sujets: | |
| Tags: |
Pas de tags, Soyez le premier à ajouter un tag!
|
MARC
| LEADER | 00000naa a2200000 4500 | ||
|---|---|---|---|
| 001 | 0169093 | ||
| 005 | 20231204090700.9 | ||
| 041 | 0 | |a cze | |
| 044 | |a CZ | ||
| 245 | 1 | 0 | |a Metodická úskalí hodnocení regionálné konkurenceschopnosti |c Vladimír Žítek, Viktorie Klímová, Lenka Horká |
| 520 | |a Pojem konkurencieschopnosť. Regionálny rozvoj a konkurencieschopnosť. Regionálna konkurencieschopnosť. Determinanty konkurencieschopnosti. Indikátory a spôsoby merania konkurencieschopnosti. | ||
| 610 | 2 | 0 | |a konkurencieschopnosť |
| 610 | 2 | 0 | |a politika regionálna |
| 610 | 2 | 0 | |a rozvoj regionálny |
| 610 | 2 | 0 | |a Európska únia |
| 610 | 2 | 0 | |a hospodárstvo trhové |
| 100 | 1 | |a Žítek, Vladimír | |
| 700 | 1 | |a Klímová, Viktorie | |
| 700 | 1 | |a Horká, Lenka | |